[Event "23rd Hoogeveen op"]
[Site "Hoogeveen NED"]
[Date "2019.10.21"]
[Round "3.21"]
[White "Djukic, Sandra"]
[Black "Dev, Shah"]
[Result "1/2-1/2"]
[WhiteElo "2179"]
[BlackElo "2025"]
[EventDate "2019.10.19"]
[PlyCount "235"]

1.d4 d5 2.c4 c6 3.Nf3 Nf6 4.e3 e6 5.b3 Nbd7 6.Bd3 Bd6 7.Bb2 O-O 8.O-O b6 
9.Nbd2 Bb7 10.Ne5 c5 11.cxd5 Bxd5 12.Qe2 cxd4 13.exd4 Rc8 14.Ndc4 Be7 15.
Rad1 Rc7 16.f4 g6 17.Ne3 Bb7 18.Bb5 Nb8 19.d5 Nxd5 20.Nxd5 Bxd5 21.Bc4 
Bxc4 22.Nxc4 Bc5+ 23.Kh1 Qe7 24.Ne5 f6 25.Ng4 h5 26.Nf2 Bxf2 27.Rxf2 Kf7 
28.Re1 Rd8 29.h3 Qd7 30.Qf3 Qd3 31.Re3 Qd1+ 32.Qxd1 Rxd1+ 33.Kh2 Rcd7 34.
Rfe2 R7d6 35.g4 hxg4 36.hxg4 R1d3 37.Rxd3 Rxd3 38.Kg2 Nd7 39.Rc2 e5 40.f5 
gxf5 41.gxf5 e4 42.Re2 Rd5 43.Kg3 Rxf5 44.Rxe4 Rd5 45.Bd4 Nf8 46.Kf2 Ne6 
47.Be3 f5 48.Rh4 Kf6 49.Ra4 Rd7 50.Kf3 Ke5 51.Rh4 Rc7 52.Ra4 Rc3 53.Ke2 f4
54.Bf2 Rc2+ 55.Ke1 Rc7 56.Rb4 Kf5 57.a4 Kg4 58.a5 bxa5 59.Rb5 a6 60.Rxa5 
Rc6 61.b4 Nc7 62.Rc5 Re6+ 63.Kd2 Nb5 64.Kd3 Kf3 65.Bh4 Rd6+ 66.Kc4 Rd4+ 
67.Kb3 Kg4 68.Bf6 Rd6 69.Rg5+ Kf3 70.Be7 Re6 71.Bc5 Ke4 72.Ka4 f3 73.Ka5 
Rf6 74.Rg7 Kd3 75.Rd7+ Kc4 76.Bb6 Na3 77.Rd1 Nc2 78.Kxa6 Nxb4+ 79.Kb7 Rf7+
80.Kc8 Nd3 81.Kd8 Kc3 82.Be3 Rf5 83.Kd7 Re5 84.Bb6 Rd5+ 85.Ke7 Kc2 86.Rf1 
Rf5 87.Ke6 Rf8 88.Ke7 Rf4 89.Ke6 Kd2 90.Ra1 Re4+ 91.Kf5 Re2 92.Ra2+ Kc3 
93.Ra3+ Kc2 94.Bd4 f2 95.Bxf2 Rxf2+ 96.Ke4 Re2+ 97.Kd4 Nb2 98.Rc3+ Kb1 99.
Re3 Rd2+ 100.Kc3 Rd8 101.Re2 Rd3+ 102.Kb4 Ka2 103.Rh2 Rb3+ 104.Kc5 Ka3 
105.Rh8 Na4+ 106.Kd4 Rb4+ 107.Kd3 Kb3 108.Rc8 Rb7 109.Rc6 Rd7+ 110.Ke3 Nc3
111.Rc8 Re7+ 112.Kd3 Nd5 113.Kd4 Nb4 114.Rc3+ Ka4 115.Rc8 Re6 116.Ra8+ Kb5
117.Rb8+ Rb6 118.Rxb6+ 1/2-1/2

[Event "23rd Hoogeveen op"]
[Site "Hoogeveen NED"]
[Date "2019.10.21"]
[Round "3.23"]
[White "Giacomini, Hector"]
[Black "Klaren, Duncan"]
[Result "1-0"]
[WhiteElo "2145"]
[BlackElo "1923"]
[EventDate "2019.10.19"]
[PlyCount "41"]

1.Nf3 Nf6 2.e3 e6 3.d4 b6 4.Bd3 Bb7 5.O-O d5 6.b3 Bd6 7.Bb2 O-O 8.c4 Nbd7 
9.Nc3 Qe7 10.Nb5 Ne4 11.Rc1 f5 12.cxd5 exd5 13.Nxc7 Rf6 14.Nxa8 Rh6 15.g3 
g5 16.Ne5 g4 17.f3 Ng5 18.Bxf5 Nh3+ 19.Kg2 Nxe5 20.dxe5 gxf3+ 21.Rxf3 1-0

[Event "23rd Hoogeveen op"]
[Site "Hoogeveen NED"]
[Date "2019.10.21"]
[Round "3.24"]
[White "De Winter, Arthur"]
[Black "Boer, Bas De"]
[Result "1/2-1/2"]
[WhiteElo "1896"]
[BlackElo "2142"]
[EventDate "2019.10.19"]
[PlyCount "74"]

1.e4 e5 2.Nf3 Nf6 3.Nxe5 d6 4.Nf3 Nxe4 5.Nc3 Nxc3 6.dxc3 Be7 7.Be3 O-O 8.
Qd2 c5 9.Bc4 Nd7 10.O-O Nf6 11.Rad1 Qa5 12.a3 b5 13.Be2 Bb7 14.Bf4 Rfe8 
15.c4 Qxd2 16.Nxd2 bxc4 17.Nxc4 Ba6 18.Rfe1 Bf8 19.Bf1 Rxe1 20.Rxe1 d5 21.
Ne3 Bc8 22.Be5 Be6 23.Bxf6 gxf6 24.Rd1 Rd8 25.Bd3 Rb8 26.b3 c4 27.bxc4 
dxc4 28.Bxc4 Bxa3 29.Bxe6 fxe6 30.Kf1 Bc5 31.Ke2 a5 32.Ra1 Bb4 33.Nd1 Ra8 
34.Ra4 Rc8 35.c3 Bxc3 36.Nxc3 Rxc3 37.Rxa5 Kf7 1/2-1/2

[Event "23rd Hoogeveen op"]
[Site "Hoogeveen NED"]
[Date "2019.10.21"]
[Round "3.25"]
[White "Sparenberg, Erik"]
[Black "Achuthan, Dylan"]
[Result "1-0"]
[WhiteElo "2142"]
[BlackElo "1865"]
[EventDate "2019.10.19"]
[PlyCount "97"]

1.Nf3 Nf6 2.g3 g6 3.Bg2 Bg7 4.O-O O-O 5.d4 d6 6.c4 Nbd7 7.Nc3 e5 8.d5 a5 
9.e4 Nc5 10.Ne1 Qe7 11.b3 Ne8 12.Nd3 f5 13.f3 b6 14.a3 Nf6 15.Rb1 Nh5 16.
Nf2 f4 17.g4 Nf6 18.Bd2 Ne8 19.b4 axb4 20.axb4 Nb7 21.Qe2 h5 22.gxh5 Qg5 
23.Ra1 Rb8 24.hxg6 Rf6 25.h3 Rxg6 26.Ng4 Nf6 27.Nb5 Nh5 28.Qf2 Qe7 29.Ra7 
Bf6 30.Rfa1 Bxg4 31.fxg4 Ng3 32.Qf3 Kf7 33.Be1 Bh4 34.Ra8 Rgg8 35.Rxb8 
Rxb8 36.Ra7 Qd7 37.Bf2 Kg6 38.Bf1 Nxf1 39.Kxf1 Bxf2 40.Qxf2 Kg5 41.Kg2 Qh7
42.Qf3 Qd7 43.h4+ Kf6 44.Qh3 Qh7 45.g5+ Ke7 46.Qe6+ Kd8 47.Qf6+ Ke8 48.g6 
Qh5 49.Qf7+ 1-0

[Event "23rd Hoogeveen op"]
[Site "Hoogeveen NED"]
[Date "2019.10.21"]
[Round "3.26"]
[White "Stavast, Dick"]
[Black "Van Foreest, Machteld"]
[Result "0-1"]
[WhiteElo "2068"]
[BlackElo "2142"]
[EventDate "2019.10.19"]
[PlyCount "48"]

1.e4 c5 2.Be2 Nc6 3.f4 e6 4.Nf3 Nge7 5.O-O g6 6.d3 Bg7 7.c3 Qb6 8.Qc2 O-O 
9.Be3 d5 10.Nbd2 a5 11.Nb3 d4 12.cxd4 Nxd4 13.Bxd4 cxd4 14.Qc5 Qxc5 15.
Nxc5 Nc6 16.Rac1 f6 17.Bd1 Bh6 18.g3 e5 19.Bb3+ Kh8 20.Nd2 Rb8 21.Ba4 Bh3 
22.Rf2 Rfc8 23.Bb5 Na7 24.Ba4 b6 0-1

[Event "23rd Hoogeveen op"]
[Site "Hoogeveen NED"]
[Date "2019.10.21"]
[Round "3.27"]
[White "Nicolai, Amir"]
[Black "Barthel, Ansgar"]
[Result "1/2-1/2"]
[WhiteElo "2117"]
[BlackElo "2037"]
[EventDate "2019.10.19"]
[PlyCount "95"]

1.e4 Nf6 2.e5 Nd5 3.d4 d6 4.Nf3 dxe5 5.Nxe5 c6 6.Qf3 Be6 7.c3 Nd7 8.Bd3 g6
9.Qg3 Bg7 10.f4 Qc7 11.Nd2 Nxe5 12.fxe5 c5 13.a3 cxd4 14.cxd4 O-O 15.O-O 
f6 16.Nf3 fxe5 17.dxe5 Bf5 18.Rd1 Qb6+ 19.Qf2 Qxf2+ 20.Kxf2 Bxd3 21.Rxd3 
e6 22.Ke2 Rac8 23.Bd2 Rc2 24.Rb3 Rc7 25.Rc1 Rxc1 26.Bxc1 b6 27.Kd3 Rc8 28.
Bd2 Kf8 29.Ke4 Ke7 30.Nd4 Kd7 31.Rh3 Rh8 32.Rd3 Rf8 33.Nxe6 Kxe6 34.Rxd5 
Rf2 35.Rd6+ Kf7 36.Bc3 Ke7 37.Rd2 Rxd2 38.Bxd2 Ke6 39.Bc3 Bh6 40.Bd4 Bg7 
41.a4 Bf8 42.a5 bxa5 43.Bxa7 a4 44.Bd4 Bb4 45.Be3 a3 46.bxa3 Bxa3 47.Kf4 
Bb2 48.Ke4 1/2-1/2

[Event "23rd Hoogeveen op"]
[Site "Hoogeveen NED"]
[Date "2019.10.21"]
[Round "3.28"]
[White "Shakhverdian, William"]
[Black "Garcia Morales, Ivette Alejandra"]
[Result "0-1"]
[WhiteElo "2109"]
[BlackElo "2013"]
[EventDate "2019.10.19"]
[PlyCount "70"]

1.d4 Nf6 2.c4 e6 3.Nf3 Bb4+ 4.Nbd2 b6 5.a3 Bxd2+ 6.Qxd2 Bb7 7.e3 d6 8.Be2 
a5 9.O-O Nbd7 10.b3 Qe7 11.Bb2 O-O 12.Rfd1 Ne4 13.Qc2 f5 14.d5 e5 15.Nd2 
Nef6 16.b4 b5 17.Nb3 axb4 18.axb4 Rxa1 19.Rxa1 bxc4 20.Bxc4 Nb6 21.Ra7 
Bxd5 22.Bd3 Ne8 23.Bxf5 Rxf5 24.Qxf5 Bxb3 25.f4 exf4 26.Qxf4 Nd5 27.Qd4 
Nxe3 28.Ra8 Nf5 29.Qf2 Bd5 30.Ra1 Qg5 31.Rf1 Nf6 32.h4 Nxh4 33.Bxf6 gxf6 
34.Qe2 Kf7 35.Re1 Nf3+ 0-1

[Event "23rd Hoogeveen op"]
[Site "Hoogeveen NED"]
[Date "2019.10.21"]
[Round "3.29"]
[White "Otten, Martijn"]
[Black "Ypma, Jord"]
[Result "1/2-1/2"]
[WhiteElo "2101"]
[BlackElo "2013"]
[EventDate "2019.10.19"]
[PlyCount "93"]

1.d4 d5 2.c4 c6 3.Nc3 Nf6 4.e3 e6 5.Nf3 a6 6.b3 Bb4 7.Bd2 Nbd7 8.Bd3 O-O 
9.O-O Bd6 10.Qc2 e5 11.cxd5 cxd5 12.e4 exd4 13.Nxd5 Nxd5 14.exd5 Nf6 15.h3
Bd7 16.Rad1 Rc8 17.Qb2 Rc5 18.Bb4 Rxd5 19.Bxd6 Rxd6 20.Nxd4 Re8 21.Bc2 Qb6
22.Nf3 Bb5 23.Rxd6 Qxd6 24.Rd1 Qc5 25.b4 Qc7 26.Nd4 Qe5 27.Qb3 Be2 28.Nxe2
Qxe2 29.Bd3 Qh5 30.b5 axb5 31.Bxb5 Rf8 32.Bd3 h6 33.Rc1 Qg5 34.Rc7 Nh5 35.
Qb5 Qf4 36.Qc4 Qd2 37.Rxb7 Nf4 38.Rxf7 Rxf7 39.Qc8+ Rf8 40.Bc4+ Kh7 41.
Qxf8 Qc1+ 42.Bf1 Ne2+ 43.Kh2 Qxf1 44.Qf5+ Kg8 45.Qc8+ Kf7 46.Qf5+ Kg8 47.
Qc8+ 1/2-1/2

[Event "23rd Hoogeveen op"]
[Site "Hoogeveen NED"]
[Date "2019.10.21"]
[Round "3.30"]
[White "Takawira, Erick"]
[Black "Van der Hagen, Loek"]
[Result "1-0"]
[WhiteElo "2101"]
[BlackElo "1983"]
[EventDate "2019.10.19"]
[PlyCount "61"]

1.e4 c5 2.Nf3 d6 3.d3 Nc6 4.g3 Nf6 5.Bg2 g6 6.a4 Bg7 7.O-O O-O 8.Nbd2 Qc7 
9.Re1 Rd8 10.Nc4 Nd7 11.Ne3 Nf6 12.Nh4 e6 13.f4 d5 14.e5 Nd7 15.Nf3 Rb8 
16.h4 f6 17.Bh3 Re8 18.exf6 Nxf6 19.Kg2 e5 20.f5 e4 21.dxe4 dxe4 22.Ng5 
Rd8 23.Qe2 h6 24.Qc4+ Kf8 25.Nxe4 Nxe4 26.Qxe4 Bxb2 27.Nd5 Qg7 28.Bxb2 
Qxb2 29.fxg6 Bxh3+ 30.Kxh3 Re8 31.Qf5+ 1-0

[Event "23rd Hoogeveen op"]
[Site "Hoogeveen NED"]
[Date "2019.10.21"]
[Round "3.31"]
[White "Taams, Sander"]
[Black "Albers, Sasa"]
[Result "0-1"]
[WhiteElo "2094"]
[BlackElo "1975"]
[EventDate "2019.10.19"]
[PlyCount "80"]

1.e4 c6 2.Qe2 d5 3.d3 dxe4 4.dxe4 e5 5.Nf3 Nf6 6.Nbd2 Nbd7 7.b3 Bc5 8.h3 
O-O 9.Bb2 Re8 10.g3 Qe7 11.Bg2 Ba3 12.Bxa3 Qxa3 13.O-O Nb6 14.Rfd1 Qe7 15.
a4 a5 16.Qe3 Qc7 17.Nh4 Be6 18.Ndf3 Nbd7 19.g4 Rad8 20.Nf5 Bxf5 21.exf5 
Nd5 22.Qe1 h6 23.c3 N7f6 24.b4 axb4 25.cxb4 Nf4 26.Rxd8 Qxd8 27.a5 N6d5 
28.Qe4 Nc3 29.Qc4 e4 30.Nh2 e3 31.fxe3 Nfe2+ 32.Kh1 Ng3+ 33.Kg1 Rxe3 34.
Nf1 Nxf1 35.Kxf1 Qd2 36.Kg1 Re2 37.Bxc6 Qe3+ 38.Kh1 Qxh3+ 39.Kg1 Qh2+ 40.
Kf1 Qf2# 0-1

[Event "23rd Hoogeveen op"]
[Site "Hoogeveen NED"]
[Date "2019.10.21"]
[Round "3.33"]
[White "Gijsen, William"]
[Black "Fehr, Axel"]
[Result "0-1"]
[WhiteElo "2091"]
[BlackElo "2045"]
[EventDate "2019.10.19"]
[PlyCount "112"]

1.e4 c5 2.Nf3 d6 3.d4 cxd4 4.Nxd4 Nf6 5.Nc3 a6 6.Be3 e5 7.Nb3 Be6 8.Qd2 
Nbd7 9.f3 h5 10.Rg1 Rc8 11.O-O-O Qc7 12.Kb1 Nb6 13.Bg5 Nbd7 14.Be2 Be7 15.
Rc1 b5 16.Bxf6 Bxf6 17.Bxb5 axb5 18.Nxb5 Qb6 19.Nxd6+ Ke7 20.Nxc8+ Rxc8 
21.g4 hxg4 22.fxg4 g5 23.Rg3 Qb7 24.Qe3 Qa6 25.Rg2 Ke8 26.Rd1 Ra8 27.a3 
Be7 28.Qc3 Rc8 29.Qe3 Qa4 30.Rd3 Rc4 31.Rc3 Rxc3 32.Qxc3 Qxe4 33.Rg1 Kf8 
34.h3 Kg7 35.Rd1 Qe2 36.Rd3 Qf1+ 37.Nc1 Bf6 38.Rf3 Qd1 39.Rd3 Qf1 40.Qc7 
e4 41.Re3 Be5 42.Qa5 Qf4 43.Qe1 Nf6 44.c3 Bc7 45.Na2 Bb6 46.Re2 Bc4 47.Nc1
Bxe2 48.Nxe2 Qe3 49.Qd1 Qxh3 50.b4 Qxg4 51.c4 Qf3 52.c5 Bc7 53.Ka2 g4 54.
b5 Qd3 55.Nc3 Qxc3 56.b6 Be5 0-1

[Event "23rd Hoogeveen op"]
[Site "Hoogeveen NED"]
[Date "2019.10.21"]
[Round "3.34"]
[White "Pekin, Tolgay"]
[Black "Merkon, Oseb"]
[Result "1/2-1/2"]
[WhiteElo "2083"]
[BlackElo "1930"]
[EventDate "2019.10.19"]
[PlyCount "99"]

1.e4 c5 2.Nf3 Nc6 3.Bb5 g6 4.Bxc6 dxc6 5.d3 Bg7 6.h3 Nf6 7.Nc3 Nd7 8.Be3 
e5 9.Qd2 h6 10.O-O b6 11.Nh2 g5 12.Ne2 Nf8 13.Ng3 Ne6 14.Nh5 O-O 15.Ng4 
Nf4 16.Nxg7 Bxg4 17.hxg4 Kxg7 18.g3 Ne6 19.Kg2 Qe7 20.f3 Rad8 21.Qf2 f6 
22.a4 a5 23.f4 exf4 24.gxf4 Nxf4+ 25.Bxf4 gxf4 26.Qxf4 Qe5 27.Qxe5 fxe5 
28.Rf5 c4 29.Ra3 Rd4 30.Kf3 cxd3 31.cxd3 Rfd8 32.Ke3 Rb4 33.Rxe5 Rxb2 34.
Rc3 c5 35.Re7+ Kf6 36.Rb7 Rb4 37.Kf4 Rd6 38.Rc4 Rxd3 39.Rxb4 axb4 40.Rxb6+
Kg7 41.Rb5 Ra3 42.Rxc5 Rxa4 43.Rb5 Ra1 44.Rxb4 Rf1+ 45.Ke3 Kf6 46.Rb8 Re1+
47.Kf3 Rf1+ 48.Ke2 Rf4 49.Rf8+ Ke5 50.Rxf4 1/2-1/2

[Event "23rd Hoogeveen op"]
[Site "Hoogeveen NED"]
[Date "2019.10.21"]
[Round "4.1"]
[White "Sindarov, Javokhir"]
[Black "Schoppen, Casper"]
[Result "1-0"]
[WhiteElo "2513"]
[BlackElo "2508"]
[EventDate "2019.10.19"]
[PlyCount "45"]

1.e4 c5 2.Nf3 Nc6 3.d4 cxd4 4.Nxd4 Nf6 5.Nc3 e5 6.Ndb5 d6 7.Bg5 a6 8.Na3 
b5 9.Nd5 Be7 10.Bxf6 Bxf6 11.c4 b4 12.Nc2 O-O 13.g3 a5 14.h4 Be6 15.Bh3 g6
16.h5 Bg5 17.Kf1 a4 18.hxg6 hxg6 19.Kg2 b3 20.axb3 axb3 21.Rxa8 Bxh3+ 22.
Rxh3 Qxa8 23.Qh1 1-0

[Event "23rd Hoogeveen op"]
[Site "Hoogeveen NED"]
[Date "2019.10.21"]
[Round "4.4"]
[White "Werle, Jan"]
[Black "Zwirs, Nico"]
[Result "1-0"]
[WhiteElo "2544"]
[BlackElo "2421"]
[EventDate "2019.10.19"]
[PlyCount "149"]

1.Nf3 d5 2.c4 e6 3.g3 dxc4 4.Qa4+ Nd7 5.Qxc4 a6 6.Qc2 b5 7.Bg2 Bb7 8.O-O 
Ngf6 9.d3 Be7 10.b3 O-O 11.Bb2 c5 12.Nbd2 Qb6 13.Rac1 Rfd8 14.Qb1 Rac8 15.
Rfd1 Nb8 16.a3 Nc6 17.e3 Qa7 18.Ne1 Nd7 19.Qa1 Bf8 20.Nef3 Qa8 21.h3 a5 
22.Ne4 a4 23.bxa4 Qxa4 24.Qb1 Qa8 25.h4 h6 26.g4 f5 27.gxf5 exf5 28.Ng3 
Nce5 29.e4 Nxf3+ 30.Bxf3 fxe4 31.Nxe4 Re8 32.Re1 Bd5 33.Re3 Kh8 34.Bg2 c4 
35.dxc4 bxc4 36.Rd1 Bxe4 37.Bxe4 Qa7 38.Rg3 Ne5 39.Qc1 c3 40.Bxc3 Qxa3 41.
Qxa3 Bxa3 42.Bf5 Rc5 43.Kg2 Rf8 44.Bb1 Rxc3 45.Rxc3 Be7 46.h5 Ng4 47.f3 
Nf6 48.Bg6 Rb8 49.Rc7 Ba3 50.Rd3 Bb2 51.Rd2 Ba3 52.Rdc2 Nh7 53.Ra7 Bd6 54.
Rd7 Ba3 55.f4 Nf8 56.Ra7 Bd6 57.Rc4 Kg8 58.Kf3 Nh7 59.Rd7 Ba3 60.Rdc7 Bd6 
61.Rd7 Ba3 62.f5 Bb2 63.Bf7+ Kh8 64.Rb4 Rf8 65.Rxb2 Rxf7 66.Rxf7 Ng5+ 67.
Kf4 Nxf7 68.f6 gxf6 69.Kf5 Kg7 70.Rb7 Kg8 71.Kxf6 Nd8 72.Rc7 Kf8 73.Rc8 
Ke8 74.Kg6 Kd7 75.Rxd8+ 1-0

[Event "23rd Hoogeveen op"]
[Site "Hoogeveen NED"]
[Date "2019.10.21"]
[Round "4.5"]
[White "Kaasen, Tor Fredrik"]
[Black "Ernst, Sipke"]
[Result "0-1"]
[WhiteElo "2415"]
[BlackElo "2523"]
[EventDate "2019.10.19"]
[PlyCount "142"]

1.d4 Nf6 2.c4 e6 3.Nc3 Bb4 4.Nf3 Nc6 5.Bd2 O-O 6.e3 d6 7.Be2 e5 8.d5 Ne7 
9.O-O a5 10.a3 Bxc3 11.Bxc3 Ne4 12.Be1 a4 13.Nd2 Nc5 14.b4 axb3 15.Nxb3 
Na4 16.Qc2 b6 17.f4 exf4 18.exf4 Nf5 19.Bf2 Re8 20.Bd3 Qf6 21.g4 Nh4 22.h3
Qh6 23.f5 Nf3+ 24.Kg2 Ne5 25.Be2 Bb7 26.h4 Qf6 27.g5 Qd8 28.Nd4 c6 29.dxc6
Nxc6 30.Bf3 Qd7 31.Nxc6 Bxc6 32.Bd4 Qb7 33.Rad1 Nc5 34.Bxc5 dxc5 35.Qd3 
Be4 36.Qd7 Bxf3+ 37.Rxf3 Qe4 38.Kg3 Qxc4 39.h5 Qe2 40.g6 Qe5+ 41.Kg2 Rf8 
42.f6 gxf6 43.Rg3 Qxh5 44.Rh1 Qe2+ 45.Kg1 Qe1+ 46.Kg2 Qe4+ 47.Kg1 Qe1+ 48.
Kg2 Qe4+ 49.Kg1 Qd4+ 50.Qxd4 cxd4 51.gxh7+ Kh8 52.Kf2 Rfd8 53.Ke2 d3+ 54.
Rxd3 Rxd3 55.Kxd3 Rxa3+ 56.Ke4 Ra5 57.Rh6 Re5+ 58.Kf4 Re6 59.Rh5 Rc6 60.
Ke4 Rc4+ 61.Ke3 Rc5 62.Rh6 Rc6 63.Rh5 Rc7 64.Kd4 Rb7 65.Kc4 b5+ 66.Kb4 f5 
67.Rxf5 Kxh7 68.Kc5 Kg6 69.Rf2 f5 70.Kc6 Rb8 71.Kc7 Re8 0-1

[Event "23rd Hoogeveen op"]
[Site "Hoogeveen NED"]
[Date "2019.10.21"]
[Round "4.8"]
[White "Tabak, Stefan"]
[Black "Morozov, Nichita"]
[Result "0-1"]
[WhiteElo "2181"]
[BlackElo "2394"]
[EventDate "2019.10.19"]
[PlyCount "132"]

1.e4 g6 2.Nc3 Bg7 3.d4 d6 4.Be3 c6 5.a4 Nf6 6.h3 O-O 7.Nf3 Nbd7 8.Qd2 Qc7 
9.Be2 b6 10.O-O a6 11.Rfd1 c5 12.d5 Re8 13.Ng5 Bb7 14.f4 Rad8 15.Bc4 Qb8 
16.Re1 Nf8 17.Rad1 e6 18.Bf2 h6 19.Nf3 exd5 20.exd5 Qc8 21.Kh2 Rxe1 22.
Rxe1 Re8 23.Rxe8 Nxe8 24.g4 Nc7 25.Bg3 Qd7 26.f5 b5 27.axb5 axb5 28.Be2 
gxf5 29.gxf5 Qxf5 30.Nh4 Qg5 31.Qxg5 hxg5 32.Nf5 b4 33.Ne4 Bxb2 34.Nexd6 
Bxd5 35.Ne7+ Kg7 36.Ndf5+ Kf6 37.Bxc7 Be4 38.Ng3 Bxc2 39.Bd6 Nd7 40.Bc4 
Be5 41.Nd5+ Kg7 42.Nxb4 cxb4 43.Bxb4 Nb6 44.Be2 Nd5 45.Bd2 Nf4 46.Bf3 f5 
47.Bxf4 Bxf4 48.Kg2 Be5 49.Nf1 Kf6 50.Ne3 Bd3 51.Nd5+ Ke6 52.Ne3 Bf4 53.
Nd1 Ke5 54.Nf2 Bc4 55.Bb7 Bc1 56.Bc6 Bb2 57.Bb7 Kf4 58.Bc6 Bd4 59.Bb7 Ke3 
60.Bc6 Ke2 61.Nh1 f4 62.Bf3+ Ke1 63.Ng3 fxg3 64.Kxg3 Bf2+ 65.Kg2 Bf1+ 66.
Kh2 Bh4 0-1

[Event "23rd Hoogeveen op"]
[Site "Hoogeveen NED"]
[Date "2019.10.21"]
[Round "4.9"]
[White "Van Dael, Siem"]
[Black "Seul, Georg"]
[Result "1/2-1/2"]
[WhiteElo "2273"]
[BlackElo "2411"]
[EventDate "2019.10.19"]
[PlyCount "38"]

1.e4 e5 2.Nf3 Nc6 3.Bc4 Nf6 4.d3 h6 5.c3 d6 6.Nbd2 g5 7.Nf1 Bg7 8.Ne3 Ne7 
9.Bb3 c6 10.h4 g4 11.Nh2 h5 12.Nhf1 d5 13.Ng3 Be6 14.Bd2 Qd7 15.Qe2 O-O-O 
16.O-O-O Bh6 17.Kb1 Ng6 18.Bc1 Qc7 19.Qc2 Kb8 1/2-1/2

[Event "23rd Hoogeveen op"]
[Site "Hoogeveen NED"]
[Date "2019.10.21"]
[Round "4.13"]
[White "Elgersma, Onno"]
[Black "Kirchei, Viktoriia"]
[Result "0-1"]
[WhiteElo "2306"]
[BlackElo "2051"]
[EventDate "2019.10.19"]
[PlyCount "140"]

1.e4 c5 2.Nf3 Nc6 3.Bb5 g6 4.O-O Bg7 5.c3 d6 6.h3 Bd7 7.Re1 e5 8.d3 Nge7 
9.Nbd2 a6 10.Bxc6 Bxc6 11.a3 O-O 12.b4 b6 13.Nc4 Qc7 14.Bg5 f6 15.Be3 Rab8
16.Rc1 h6 17.a4 a5 18.Nfd2 f5 19.f3 f4 20.Bf2 Rfd8 21.Qe2 axb4 22.cxb4 
Bxa4 23.Na3 Be8 24.bxc5 dxc5 25.Ndc4 Qd7 26.Red1 Nc6 27.Rb1 Nd4 28.Qa2 Bf7
29.Bxd4 Qxd4+ 30.Qf2 Qxf2+ 31.Kxf2 b5 32.Nb2 Bf8 33.Nc2 c4 34.dxc4 bxc4 
35.Rxd8 Rxd8 36.Rd1 Rb8 37.Na4 Be8 38.Nc3 Rb2 39.Rd2 Bb4 40.Nd1 Ra2 41.Re2
Bc5+ 42.Ke1 Bb6 43.Nb4 Ra1 44.Ra2 Rxa2 45.Nxa2 Ba5+ 46.Ndc3 Kf7 47.Kd1 g5 
48.Ke2 Bc6 49.Kf2 Ke6 50.Ke2 Kd6 51.Kd1 Kc5 52.Ne2 h5 53.Nac3 Kd6 54.Kc2 
Ke6 55.Nd1 Ba4+ 56.Kc1 g4 57.hxg4 hxg4 58.Ndc3 Bc6 59.Kc2 gxf3 60.gxf3 Kd6
61.Kb2 Be8 62.Nd5 Be1 63.Nf6 Bc6 64.Ng4 Bd7 65.Nf6 Bh3 66.Kc1 Bg2 67.Kd1 
Ba5 68.Kc2 Bxf3 69.Ng1 Bg2 70.Kd1 Ke6 0-1

[Event "23rd Hoogeveen op"]
[Site "Hoogeveen NED"]
[Date "2019.10.21"]
[Round "4.19"]
[White "Albers, Sasa"]
[Black "Bhambure, Shantanu"]
[Result "0-1"]
[WhiteElo "1975"]
[BlackElo "2291"]
[EventDate "2019.10.19"]
[PlyCount "64"]

1.e4 c5 2.Nf3 d6 3.c3 Nf6 4.Be2 g6 5.O-O Bg7 6.Qc2 Qc7 7.d3 O-O 8.h3 b6 9.
Be3 Bb7 10.Nbd2 d5 11.Rac1 Nbd7 12.Rfe1 e5 13.Bf1 Rfe8 14.Bg5 h6 15.Bh4 
Nh5 16.Qb1 Rac8 17.exd5 Bxd5 18.d4 exd4 19.Rxe8+ Rxe8 20.cxd4 g5 21.Bxg5 
hxg5 22.Nxg5 Nhf6 23.dxc5 Qf4 24.c6 Qxg5 25.cxd7 Nxd7 26.Nc4 Be4 27.Qa1 
Ne5 28.Ne3 Nf3+ 29.Kh1 Qf4 30.gxf3 Be5 31.Ng4 Qxf3+ 32.Bg2 Qxg2# 0-1

[Event "23rd Hoogeveen op"]
[Site "Hoogeveen NED"]
[Date "2019.10.21"]
[Round "4.25"]
[White "Barthel, Ansgar"]
[Black "Noordenbos, Daan"]
[Result "1-0"]
[WhiteElo "2037"]
[BlackElo "2133"]
[EventDate "2019.10.19"]
[PlyCount "109"]

1.e4 e6 2.d4 d5 3.Nc3 Bb4 4.exd5 exd5 5.Bd3 Ne7 6.Qh5 Qd6 7.Ne2 Be6 8.O-O 
Nbc6 9.Na4 Qd7 10.a3 Bd6 11.Nc5 Bxc5 12.dxc5 O-O-O 13.b4 f6 14.Bb2 Ng6 15.
Ng3 Nf4 16.Qf3 Nxd3 17.Qxd3 Ne5 18.Qe2 Nc4 19.Bd4 h5 20.Rfe1 Rde8 21.Nf1 
Bf5 22.Ne3 Nxe3 23.fxe3 Re4 24.Qf2 h4 25.c6 bxc6 26.Bxa7 Rh6 27.Rf1 Bg4 
28.Bc5 Rg6 29.Kh1 h3 30.gxh3 Bxh3 31.Rg1 Reg4 32.Rg3 Qe6 33.Rxh3 d4 34.Rf3
dxe3 35.Rxe3 Qc4 36.Rae1 Rg2 37.Qxg2 Rxg2 38.Kxg2 Qxc2+ 39.R1e2 Qg6+ 40.
Rg3 Qh5 41.Rd2 Qh6 42.Be3 Qh7 43.Rg4 Qg8 44.Rgd4 Qe6 45.Bf4 Qg4+ 46.Bg3 
Qf5 47.h3 Kb7 48.Rd7 Qg5 49.Kh2 f5 50.Rxc7+ Kb6 51.Rcd7 f4 52.Bf2+ Kb5 53.
R2d3 Kc4 54.R7d4+ Kb5 55.Rf3 1-0

[Event "23rd Hoogeveen op"]
[Site "Hoogeveen NED"]
[Date "2019.10.21"]
[Round "4.29"]
[White "Klaren, Duncan"]
[Black "Otten, Martijn"]
[Result "0-1"]
[WhiteElo "1923"]
[BlackElo "2101"]
[EventDate "2019.10.19"]
[PlyCount "54"]

1.e4 e6 2.d4 d5 3.Nc3 Bb4 4.e5 b6 5.Qg4 Bf8 6.Nf3 Nc6 7.Bd2 Bb7 8.a3 Qd7 
9.Bd3 O-O-O 10.O-O Kb8 11.b4 f6 12.b5 Na5 13.Rfe1 f5 14.Qf4 g6 15.Qe3 h6 
16.Ne2 Nc4 17.Bxc4 dxc4 18.Nf4 Ne7 19.Qc3 g5 20.Nh5 Qxb5 21.a4 Qc6 22.Nf6 
Nd5 23.Nxd5 Qxd5 24.Reb1 g4 25.Ne1 Qxd4 26.Qxd4 Rxd4 27.Be3 Rd5 0-1

[Event "23rd Hoogeveen op"]
[Site "Hoogeveen NED"]
[Date "2019.10.21"]
[Round "4.37"]
[White "Mijnster, Niels"]
[Black "Stavast, Dick"]
[Result "1/2-1/2"]
[WhiteElo "2145"]
[BlackElo "2068"]
[EventDate "2019.10.19"]
[PlyCount "44"]

1.d4 d6 2.Nf3 Nf6 3.c4 Nbd7 4.Nc3 e5 5.e4 Be7 6.Be2 O-O 7.O-O c6 8.h3 a6 
9.a4 a5 10.Be3 Re8 11.Qd2 exd4 12.Bxd4 Bf8 13.Qc2 b6 14.Rfe1 Nc5 15.e5 
dxe5 16.Bxe5 Ra7 17.Bf1 Rae7 18.Rad1 Bd7 19.Bd3 Nxd3 20.Rxd3 Qc8 21.Rde3 
Bf5 22.Qb3 Nd7 1/2-1/2

[Event "23rd Hoogeveen op"]
[Site "Hoogeveen NED"]
[Date "2019.10.22"]
[Round "5.1"]
[White "Akash, Ganesan"]
[Black "Sindarov, Javokhir"]
[Result "0-1"]
[WhiteElo "2449"]
[BlackElo "2513"]
[EventDate "2019.10.19"]
[PlyCount "80"]

1.e4 e5 2.Nf3 Nc6 3.Bb5 a6 4.Ba4 Nf6 5.O-O Be7 6.d3 d6 7.c3 O-O 8.Nbd2 Re8
9.Re1 Bf8 10.Nf1 g6 11.Bg5 h6 12.Bh4 Bg7 13.d4 exd4 14.Nxd4 Bd7 15.Nxc6 
Bxc6 16.Bxc6 bxc6 17.Qa4 Qd7 18.Bxf6 Bxf6 19.Ne3 Bg7 20.Nc4 Reb8 21.Rad1 
Rb5 22.Qc2 Qe6 23.b3 Re8 24.Re3 h5 25.Rde1 Rc5 26.Nd2 Bh6 27.R3e2 Qf6 28.
c4 d5 29.Nf3 dxc4 30.b4 Rb5 31.e5 Qf5 32.Qxc4 Qe6 33.Qc3 Bf8 34.Nd4 Bxb4 
35.Qc2 Qd7 36.e6 Qxd4 37.exf7+ Kxf7 38.Rd1 Rxe2 39.Qxe2 Re5 40.Qf3+ Kg7 
0-1

[Event "23rd Hoogeveen op"]
[Site "Hoogeveen NED"]
[Date "2019.10.22"]
[Round "5.2"]
[White "Pruijssers, Roeland"]
[Black "Werle, Jan"]
[Result "0-1"]
[WhiteElo "2550"]
[BlackElo "2544"]
[EventDate "2019.10.19"]
[PlyCount "92"]

1.e4 c5 2.Nf3 d6 3.d4 cxd4 4.Nxd4 Nf6 5.Nc3 Nc6 6.f3 e5 7.Nb3 Be7 8.Be3 
O-O 9.Qd2 a5 10.Bb5 Na7 11.Bxa7 Rxa7 12.O-O-O Be6 13.a4 Ra8 14.Kb1 Qc7 15.
Qd3 Rac8 16.Rhe1 Rfd8 17.Nd5 Nxd5 18.exd5 Bd7 19.c3 Qb6 20.Bxd7 Rxd7 21.
Nd2 Rdc7 22.Ka2 g6 23.g4 Rf8 24.h4 Bxh4 25.Rh1 Bd8 26.Rdg1 Qa6 27.Qe3 f6 
28.Rg2 Rg7 29.f4 Qb6 30.Qe4 f5 31.gxf5 Rxf5 32.fxe5 Rxe5 33.Qg4 Qc5 34.Nf3
h5 35.Qh3 Re3 36.Rg3 Qc4+ 37.Kb1 Qe4+ 38.Ka1 Qxa4+ 39.Kb1 Qe4+ 40.Ka1 Bf6 
41.Rhg1 Rxc3 42.Ng5 Qa4+ 43.Kb1 Qc2+ 44.Ka2 Ra3+ 45.Kxa3 Qxb2+ 46.Ka4 Qb4#
0-1

[Event "23rd Hoogeveen op"]
[Site "Hoogeveen NED"]
[Date "2019.10.22"]
[Round "5.3"]
[White "Ernst, Sipke"]
[Black "Schoppen, Casper"]
[Result "1-0"]
[WhiteElo "2523"]
[BlackElo "2508"]
[EventDate "2019.10.19"]
[PlyCount "73"]

1.d4 Nf6 2.c4 e6 3.g3 Bb4+ 4.Bd2 Be7 5.Bg2 d5 6.Nf3 O-O 7.O-O c6 8.Qc2 
Nbd7 9.Rc1 Ne4 10.Be1 a5 11.Nc3 f5 12.a3 g5 13.b4 Bf6 14.e3 g4 15.Nd2 Nxd2
16.Bxd2 Nb6 17.cxd5 cxd5 18.bxa5 Nc4 19.Na4 b5 20.Nb6 Nxb6 21.axb6 Qxb6 
22.Bb4 Rf7 23.Qxc8+ Rxc8 24.Rxc8+ Kg7 25.Rac1 Qb7 26.R8c6 h5 27.Rxe6 Rc7 
28.Rc5 h4 29.gxh4 Rxc5 30.dxc5 f4 31.exf4 Qd7 32.f5 Qc7 33.Rd6 Qe7 34.c6 
Qe2 35.Rd7+ Kh8 36.c7 Qe8 37.Rd8 1-0

[Event "23rd Hoogeveen op"]
[Site "Hoogeveen NED"]
[Date "2019.10.22"]
[Round "5.4"]
[White "Kirchei, Viktoriia"]
[Black "Vrolijk, Liam"]
[Result "1-0"]
[WhiteElo "2051"]
[BlackElo "2478"]
[EventDate "2019.10.19"]
[PlyCount "89"]

1.e4 c5 2.Nf3 d6 3.d4 cxd4 4.Qxd4 Nc6 5.Bb5 Bd7 6.Qd3 Nf6 7.c4 g6 8.Nc3 
Bg7 9.O-O O-O 10.h3 Rc8 11.Be3 Nb4 12.Qe2 a6 13.Bxd7 Nxd7 14.Nd5 Nc6 15.
Rac1 Nde5 16.Nxe5 dxe5 17.Bb6 Qd6 18.b4 Nd4 19.Qd3 e6 20.Bc5 Rxc5 21.bxc5 
Qxc5 22.Ne3 Rc8 23.Rb1 Qc6 24.Kh1 h5 25.Rb2 Bf8 26.Rfb1 Rc7 27.Rb6 Qd7 28.
g4 Bc5 29.R6b2 h4 30.g5 Nf3 31.Qxd7 Rxd7 32.Ng4 Kg7 33.Kg2 Nxg5 34.Nxe5 
Rd4 35.Rxb7 Rd2 36.Ng4 Nxe4 37.R1b2 Rd4 38.Ne5 Nd6 39.Rc7 Nxc4 40.Rxf7+ 
Kh6 41.Nxc4 Rxc4 42.Rc7 Kg5 43.Re2 Kf5 44.Rf7+ Kg5 45.Re5+ 1-0